La subjetividad política como categoría de trabajo en la psicología social de la liberación /
Saved in:
| Main Author: | |
|---|---|
| Format: | Unknown |
| Published: |
San José:
Editorial UCR
|
| Tags: |
Add Tag
No Tags, Be the first to tag this record!
|
MARC
| LEADER | 00000 a2200000 04500 | ||
|---|---|---|---|
| 001 | 35879 | ||
| 003 | cru CIDCACS/IIS | ||
| 005 | 20200925160311.0 | ||
| 008 | 991231s d | ||
| 020 | |a 978-9968-46-034-7 | ||
| 022 | |a 978-9968-46-034-7 | ||
| 040 | |c CRAI/IIS |a CRAI/IIS | ||
| 090 | |a PS05.01.01 D633p | ||
| 100 | 1 | |a Díaz Gómez, Álvaro |9 4715 | |
| 245 | |a La subjetividad política como categoría de trabajo en la psicología social de la liberación / |c Álvaro Díaz Gómez | ||
| 260 | |a San José: |b Editorial UCR | ||
| 300 | |a Páginas 168-173 | ||
| 942 | |2 ddc |c LI | ||
| 773 | 0 | |0 166 |9 816 |a Dobles Oropeza, Ignacio |d San José: Editorial UCR |o 03436 |t Psicología de la liberación en le contexto de la globalización neoliberal: |w (cru CIDCACS/IIS)35869 |x 978-9968-46-034-7 |z 978-9968-46-034-7 | |
| 999 | |c 6244 |d 6244 | ||



